[Event "Go-Makkah Chess Festival 2019"]
[Site "Sousse"]
[Date "2019.09.07"]
[Round "8.2"]
[White "Stefansson, Hannes"]
[Black "Ameir, Moheb"]
[Result "1-0"]
[WhiteElo "2538"]
[BlackElo "2308"]
[Annotator "TA"]
[PlyCount "79"]
[EventDate "2019.09.02"]
[EventType "swiss"]
[EventCountry "TUN"]
[SourceTitle "playchess.com"]
[Source "ChessBase"]
[SourceQuality "1"]

{[%evp 16,79,42,30,62,27,45,6,28,-20,36,0,0,-4,88,80,71,87,54,35,35,43,39,33,95,99,107,86,77,52,124,87,139,103,139,104,83,103,91,72,68,72,95,86,94,84,87,64,89,58,174,177,168,179,177,110,224,233,442,431,516,494,452,454,675,672]} 1. e4 c5 2. Nf3 e6 3. d4 cxd4 4. Nxd4 Nc6 5. Nc3 Qc7 6. Be3 a6 7. a3 Nf6 8. f4 d6 9. Qf3 Bd7 {B82: Sicilian Scheveningen: 6 f4} 10. O-O-O Rc8 11. Kb1 b5 $146 {The position is equal.} ({Predecessor:} 11... Be7 12. g4 Nxd4 13. Rxd4 d5 14. exd5 Nxd5 15. Nxd5 Qxc2+ 16. Ka2 exd5 17. Bd3 Qc7 18. f5 O-O 19. g5 Bc5 20. Rh4 Bxe3 21. Qh5 h6 22. gxh6 Qe5 23. hxg7 {1-0 (23) Papp,G (2597)-Bodach,H (2160) Dresden 2018}) 12. Bd3 Be7 (12... b4 $11 13. axb4 Nxb4) 13. Qg3 O-O 14. Rhe1 g6 (14... b4 $11 {remains equal.} 15. Nxc6 Bxc6 16. axb4 Rb8) 15. Nxc6 $16 Bxc6 {[#]} 16. f5 $1 e5 17. Bg5 {Black must now prevent Qh4.} Nh5 18. Qh4 Bxg5 19. Qxg5 f6 (19... a5 $14) 20. Qg4 Qf7 21. Be2 Rcd8 22. Bf3 Ng7 (22... a5 $14) 23. Nd5 {[%cal Bc3d5,Bd5e3,Be3c2][%mdl 32]} Bd7 (23... Kh8 $142) 24. Ne3 Bc6 25. Qh3 gxf5 26. exf5 ({Of course not} 26. Nxf5 Nxf5 27. Qxf5 Bd7 $11) 26... d5 27. c3 a5 28. Nc2 Qc7 29. g4 Rd6 30. Qg2 {[%cal Rf3d5]} Qd7 31. Rd2 Rd8 32. Red1 Qf7 ({Black should try} 32... Kh8 $14) 33. Ne3 $18 Ne8 {With the idea ...e4.} 34. Bxd5 Bxd5 35. Rxd5 (35. Nxd5 $18 Kf8 36. Ne3) 35... Qa7 (35... Rxd5 $16 36. Rxd5 Rxd5 37. Nxd5 (37. Qxd5 Qxd5 38. Nxd5 h5 $16) 37... Qd7) 36. g5 Qf7 $2 {[#]} ({Avoid the trap} 36... Qxe3 $2 37. gxf6+ Kf8 38. Rxd6 $18) (36... Rxd5 37. Rxd5 Rxd5 38. Nxd5 Kf7 39. g6+ Kf8) 37. gxf6+ {White is clearly winning.} Kh8 {If Black can now play ...Rxd5 this consolidates a bit.} 38. Rxd6 Nxd6 39. Qd5 Qxf6 (39... Qxd5 $142 40. Rxd5 Kg8) 40. Qe6 {Accuracy: White = 61%, Black = 40%.} 1-0

[Event "Go-Makkah Chess Festival 2019"]
[Site "Sousse"]
[Date "2019.09.07"]
[Round "8.3"]
[White "Ezat, Mohamed"]
[Black "Henni, Mohamed"]
[Result "1-0"]
[WhiteElo "2458"]
[BlackElo "2205"]
[Annotator "TA"]
[PlyCount "61"]
[EventDate "2019.09.02"]
[EventType "swiss"]
[EventCountry "TUN"]
[SourceTitle "playchess.com"]
[Source "ChessBase"]
[SourceQuality "1"]

{[%evp 20,61,30,17,67,68,62,72,68,54,81,75,121,102,128,107,124,131,104,95,159,165,161,119,292,316,310,253,1566,1487,1433,1147,5105,2989,29987,29988,29991,29992,29992,29993,29993,29994,29998,29997]} 1. d4 Nf6 2. c4 e6 3. Nc3 Bb4 4. e3 O-O 5. a3 Bxc3+ 6. bxc3 b6 7. Bd3 Bb7 8. f3 d5 9. cxd5 exd5 10. Ne2 Re8 11. O-O Ba6 {E27: Nimzo-Indian: Sämisch: 5...0-0 6 f3} 12. Ng3 Bxd3 $146 ({Predecessor:} 12... c5 13. Bxa6 Nxa6 14. Qd3 Qc8 15. e4 cxd4 16. cxd4 Qc4 17. Qxc4 dxc4 18. Bb2 Red8 19. Rfd1 {½-½ (30) Herrera,J (2220)-Molina,R (2464) Medellin 2017}) 13. Qxd3 Nbd7 {[%cal Bb8d7,Bd7b6,Bb6c4][%mdl 32] White is better.} 14. Bb2 b5 15. Rae1 c5 {[#]} 16. e4 $1 {[%cal Re4e5] Strongly threatening e5.} ({Much worse is} 16. Qxb5 $6 Rb8 $11) 16... Nb6 17. e5 ({Reject} 17. dxc5 $6 Nc4 $11) 17... Nfd7 18. f4 Nc4 19. Bc1 cxd4 (19... Qb6 $142) 20. cxd4 $16 Qb6 {[#]} 21. Kh1 $1 a5 $2 (21... f6 $16 {was worth a try.}) 22. f5 $18 b4 23. Nh5 {Threatens to win with Qg3!} b3 $2 {[#]} (23... Kh8 24. f6 g6) 24. Qg3 $1 {[%csl Gh5][%cal Rg3g7][%mdl 512]} g6 {[#]} 25. e6 $1 {[%mdl 512]} Nd6 (25... fxe6 26. fxg6) 26. exd7 {fxg6 would kill now.} Rxe1 27. Rxe1 {White mates.} Ne4 {[#]} 28. Rxe4 $1 {[%mdl 64] Promotion} dxe4 29. Qe5 {[%csl Gh5][%cal Re5g7]} gxh5 30. f6 h6 31. Qe8+ {Accuracy: White = 100%, Black = 25%.} 1-0

[Event "Go-Makkah Chess Festival 2019"]
[Site "Sousse"]
[Date "2019.09.07"]
[Round "8.4"]
[White "Romero Holmes, Alfonso"]
[Black "Kjartansson, David"]
[Result "1-0"]
[WhiteElo "2414"]
[BlackElo "2401"]
[Annotator "ChessBase"]
[PlyCount "65"]
[EventDate "2019.09.02"]
[EventType "swiss"]
[EventCountry "TUN"]
[SourceTitle "playchess.com"]
[Source "ChessBase"]
[SourceQuality "1"]
[TimeControl "5400+30"]

1. c4 {[%emt 0:00:00]} c5 {[%emt 0:00:00]} 2. Nf3 {[%emt 0:00:26]} Nc6 {[%emt 0:00:00]} 3. Nc3 {[%emt 0:01:29]} g6 {[%emt 0:00:10]} 4. d4 {[%emt 0:00:17]} cxd4 {[%emt 0:00:13]} 5. Nxd4 {[%emt 0:00:06]} Bg7 {[%emt 0:00:12]} 6. Nc2 {[%emt 0:00:14]} Nf6 {[%emt 0:00:53]} 7. e4 {[%emt 0:00:15]} d6 {[%emt 0:00:08]} 8. Be2 {[%emt 0:00:07]} O-O {[%emt 0:00:21]} 9. Bg5 {[%emt 0:02:03]} h6 {[%emt 0:00:36]} 10. Be3 {[%emt 0:00:11]} a5 {[%emt 0:03:24]} 11. Qd2 {[%emt 0:00:15]} Kh7 {[%emt 0:01:41]} 12. f3 {[%emt 0:00:56]} a4 {[%emt 0:00:07]} 13. O-O {[%emt 0:02:26]} Qa5 {[%emt 0:03:35]} 14. Rfd1 {[%emt 0:04:55]} Be6 {[%emt 0:00:23]} 15. Nd5 {[%emt 0:02:12]} Qxd2 {[%emt 0:02:07]} 16. Bxd2 {[%emt 0:02:10]} Nxd5 {[%emt 0:03:49]} 17. cxd5 {[%emt 0:02:12]} Nd4 {[%emt 0:04:13]} 18. Nxd4 {[%emt 0:00:16]} Bxd4+ {[%emt 0:00:05]} 19. Kf1 {[%emt 0:00:07]} Bd7 {[%emt 0:00:40]} 20. Bxh6 {[%emt 0:02:25]} Bxb2 {[%emt 0:01:44]} 21. Bxf8 {[%emt 0:00:34]} Bxa1 {[%emt 0:00:37]} 22. Bxe7 {[%emt 0:02:27]} Be5 {[%emt 0:00:17]} 23. g3 {[%emt 0:34:34]} Re8 {[%emt 0:18:47]} 24. Bg5 {[%emt 0:00:05]} a3 {[%emt 0:00:26]} 25. Rc1 {[%emt 0:03:44]} Ba4 {[%emt 0:03:35]} 26. Bf4 {[%emt 0:14:23]} Bb2 {[%emt 0:06:44]} 27. Rc7 {[%emt 0:00:06]} Bb3 {[%emt 0:03:56]} 28. Bc4 {[%emt 0:02:02]} Re7 {[%emt 0:00:36]} 29. Rxe7 {[%emt 0:10:57]} Bxc4+ {[%emt 0:00:06]} 30. Kg2 {[%emt 0:03:33]} Kg7 {[%emt 0:02:39]} 31. Rxb7 {[%emt 0:01:24]} Bxa2 {[%emt 0:00:26]} 32. Bxd6 {[%emt 0:00:08]} Bc4 {[%emt 0:00:25]} 33. Rxb2 {[%emt 0:00:19]} 1-0

[Event "Go-Makkah Chess Festival 2019"]
[Site "Sousse"]
[Date "2019.09.07"]
[Round "8.5"]
[White "Bouzidi, Ahmed"]
[Black "Amdouni, Zoubaier"]
[Result "0-1"]
[WhiteElo "2197"]
[BlackElo "2290"]
[Annotator "ChessBase"]
[PlyCount "74"]
[EventDate "2019.09.02"]
[EventType "swiss"]
[EventCountry "TUN"]
[SourceTitle "playchess.com"]
[Source "ChessBase"]
[SourceQuality "1"]
[TimeControl "5400+30"]

1. e4 {[%emt 0:11:11]} c5 {[%emt 0:07:50]} 2. c3 {[%emt 0:01:54]} Nf6 {[%emt 0:00:34]} 3. e5 {[%emt 0:00:14]} Nd5 {[%emt 0:00:03]} 4. Nf3 {[%emt 0:01:07]} Nc6 {[%emt 0:00:18]} 5. d4 {[%emt 0:01:27]} cxd4 {[%emt 0:00:22]} 6. Bc4 {[%emt 0:00:15]} Nb6 {[%emt 0:00:08]} 7. Bb3 {[%emt 0:00:06]} d5 {[%emt 0:12:04]} 8. exd6 {[%emt 0:00:56]} Qxd6 {[%emt 0:01:22]} 9. Na3 {[%emt 0:00:13]} a6 {[%emt 0:02:25]} 10. O-O {[%emt 0:00:17]} e6 {[%emt 0:06:06]} 11. cxd4 {[%emt 0:41:54]} Be7 {[%emt 0:03:55]} 12. Be3 {[%emt 0:08:21]} O-O {[%emt 0:19:38]} 13. Qd2 {[%emt 0:02:02]} Qd8 {[%emt 0:13:48]} 14. Rac1 {[%emt 0:04:26]} Nb4 {[%emt 0:06:37]} 15. Bf4 {[%emt 0:01:58]} N6d5 {[%emt 0:01:39]} 16. Bg3 {[%emt 0:00:32]} Bd7 {[%emt 0:04:06]} 17. Nc4 {[%emt 0:02:40]} Bb5 {[%emt 0:03:26]} 18. a3 {[%emt 0:01:05]} Nc6 {[%emt 0:00:01]} 19. Rfd1 {[%emt 0:01:13]} Bxc4 {[%emt 0:00:21]} 20. Bxc4 {[%emt 0:00:21]} Rc8 {[%emt 0:00:04]} 21. Ba2 {[%emt 0:03:14]} Bf6 {[%emt 0:03:19]} 22. b4 {[%emt 0:04:58]} Nce7 {[%emt 0:00:47]} 23. h3 {[%emt 0:01:05]} h6 {[%emt 0:05:23]} 24. Qd3 {[%emt 0:00:38]} Rxc1 {[%emt 0:02:40]} 25. Rxc1 {[%emt 0:00:05]} Qa8 {[%emt 0:00:13]} 26. Bb1 {[%emt 0:05:10]} g6 {[%emt 0:00:14]} 27. h4 {[%emt 0:01:12]} h5 {[%emt 0:01:29]} 28. Ng5 {[%emt 0:01:17]} Rc8 {[%emt 0:00:27]} 29. Rxc8+ {[%emt 0:02:05]} Qxc8 {[%emt 0:00:05]} 30. Ne4 {[%emt 0:00:09]} Qc1+ {[%emt 0:00:36]} 31. Kh2 {[%emt 0:00:12]} Nf5 {[%emt 0:00:21]} 32. Ba2 {[%emt 0:02:22]} Bxd4 {[%emt 0:01:03]} 33. Bxd5 {[%emt 0:01:03]} exd5 {[%emt 0:00:01]} 34. Nd6 {[%emt 0:00:42]} Nh6 {[%emt 0:01:28]} 35. Qf3 {[%emt 0:00:35]} Ng4+ {[%emt 0:04:37] Qd3 Nh6 f3 Qg1+} 36. Kh3 {[%emt 0:01:01]} Qh1+ 37. Bh2 Be5 0-1

[Event "Go-Makkah Chess Festival 2019"]
[Site "Sousse"]
[Date "2019.09.07"]
[Round "8.6"]
[White "Al Ghamdi, Ahmed M"]
[Black "Zrikem, Nassim"]
[Result "0-1"]
[WhiteElo "2113"]
[BlackElo "2090"]
[Annotator "ChessBase"]
[PlyCount "96"]
[EventDate "2019.09.02"]
[EventType "swiss"]
[EventCountry "TUN"]
[SourceTitle "playchess.com"]
[Source "ChessBase"]
[SourceQuality "1"]
[TimeControl "5400+30"]

1. e4 {[%emt 0:20:56]} e5 {[%emt 0:00:00]} 2. Nf3 {[%emt 0:00:12]} Nc6 {[%emt 0:00:00]} 3. Bc4 {[%emt 0:00:34]} Nf6 {[%emt 0:00:00]} 4. d3 {[%emt 0:00:05]} Be7 {[%emt 0:00:03]} 5. O-O {[%emt 0:00:05]} d6 {[%emt 0:00:14]} 6. a4 {[%emt 0:00:45]} O-O {[%emt 0:00:24]} 7. Re1 {[%emt 0:00:11]} Na5 {[%emt 0:00:58]} 8. Ba2 {[%emt 0:00:28]} c5 {[%emt 0:00:37]} 9. Nbd2 {[%emt 0:01:06]} Be6 {[%emt 0:00:53]} 10. Bxe6 {[%emt 0:01:36]} fxe6 {[%emt 0:00:03]} 11. Nf1 {[%emt 0:01:15]} Nc6 {[%emt 0:01:25]} 12. c3 {[%emt 0:00:23]} Qd7 {[%emt 0:13:05]} 13. Ng3 {[%emt 0:05:27]} Bd8 {[%emt 0:02:07]} 14. h3 {[%emt 0:02:01]} Bb6 {[%emt 0:06:04]} 15. Be3 {[%emt 0:00:16]} Rac8 {[%emt 0:10:58]} 16. Qe2 {[%emt 0:06:03]} Qc7 {[%emt 0:03:14]} 17. Ng5 {[%emt 0:01:33]} Rce8 {[%emt 0:00:35]} 18. Rec1 {[%emt 0:05:14]} d5 {[%emt 0:10:14]} 19. b4 {[%emt 0:08:24]} cxb4 {[%emt 0:03:51]} 20. cxb4 {[%emt 0:00:38]} Qd6 {[%emt 0:04:38]} 21. Rab1 {[%emt 0:07:19]} Nxb4 {[%emt 0:07:45]} 22. a5 {[%emt 0:00:48]} Bxe3 {[%emt 0:04:37]} 23. Qxe3 {[%emt 0:00:32]} b6 {[%emt 0:06:17]} 24. axb6 {[%emt 0:00:29]} d4 {[%emt 0:04:47]} 25. Qd2 {[%emt 0:00:02]} a5 {[%emt 0:00:05]} 26. Nf3 {[%emt 0:00:46]} Nd7 {[%emt 0:04:10]} 27. Rc7 {[%emt 0:07:52]} Nxb6 {[%emt 0:06:01]} 28. Rbc1 {[%emt 0:00:56]} Rc8 {[%emt 0:04:09]} 29. Rxc8 {[%emt 0:00:45]} Rxc8 {[%emt 0:00:19]} 30. Rxc8+ {[%emt 0:00:11]} Nxc8 {[%emt 0:00:03]} 31. Qc1 {[%emt 0:04:24]} Nb6 {[%emt 0:01:06]} 32. Nh5 {[%emt 0:00:46]} h6 {[%emt 0:01:11]} 33. Qa3 {[%emt 0:02:40]} Qc5 {[%emt 0:04:21]} 34. Nd2 {[%emt 0:00:01]} a4 {[%emt 0:00:58]} 35. Nc4 {[%emt 0:02:36]} Nxd3 {[%emt 0:00:47]} 36. Qxd3 {[%emt 0:00:22]} Qxc4 {[%emt 0:00:04]} 37. Qd1 {[%emt 0:02:21]} Qc7 {[%emt 0:01:02]} 38. Qb1 {[%emt 0:02:25]} a3 {[%emt 0:00:45]} 39. Qb3 {[%emt 0:00:38]} Nc4 {[%emt 0:00:58]} 40. Qa4 {[%emt 0:00:07]} d3 {[%emt 0:00:37]} 41. Qe8+ {[%emt 0:02:22]} Kh7 {[%emt 0:00:01]} 42. Qxe6 {[%emt 0:00:28]} a2 {[%emt 0:00:22]} 43. Qf5+ {[%emt 0:00:45]} Kh8 {[%emt 0:00:07]} 44. Qf8+ {[%emt 0:00:17]} Kh7 {[%emt 0:00:01]} 45. Qf5+ {[%emt 0:00:08]} Kg8 {[%emt 0:00:26]} 46. Qe6+ {[%emt 0:00:58]} Qf7 {[%emt 0:00:05]} 47. Qa6 {[%emt 0:01:08]} d2 {[%emt 0:00:15]} 48. Qa4 {[%emt 0:00:03]} Nb2 {[%emt 0:00:10]} 0-1

[Event "Go-Makkah Chess Festival 2019"]
[Site "Sousse"]
[Date "2019.09.07"]
[Round "8.7"]
[White "Rian, Saad"]
[Black "Alkrnaf, Mohamed Othman"]
[Result "1-0"]
[WhiteElo "2100"]
[BlackElo "1915"]
[Annotator "ChessBase"]
[PlyCount "89"]
[EventDate "2019.09.02"]
[EventType "swiss"]
[EventCountry "TUN"]
[SourceTitle "playchess.com"]
[Source "ChessBase"]
[SourceQuality "1"]
[TimeControl "5400+30"]

1. d4 {[%emt 0:00:00]} d5 {[%emt 0:00:11]} 2. Nf3 {[%emt 0:00:00]} Nf6 {[%emt 0:00:09]} 3. c4 {[%emt 0:00:03]} e6 {[%emt 0:00:32]} 4. Nc3 {[%emt 0:00:24]} Be7 {[%emt 0:00:27]} 5. Bf4 {[%emt 0:00:38]} c6 {[%emt 0:01:55]} 6. c5 {[%emt 0:00:16]} a5 {[%emt 1:29:46]} 7. a3 {[%emt 0:02:27]} b5 {[%emt 0:00:00]} 8. h3 {[%emt 0:00:52]} Bb7 {[%emt 0:00:00]} 9. e3 {[%emt 0:00:20]} Na6 {[%emt 0:00:00]} 10. Bd3 {[%emt 0:00:55]} Nd7 {[%emt 0:00:00]} 11. O-O {[%emt 0:02:56]} f6 {[%emt 0:00:00]} 12. Qc2 {[%emt 0:02:25]} g6 {[%emt 0:00:00]} 13. Bxg6+ {[%emt 0:09:42]} hxg6 {[%emt 0:00:00]} 14. Qxg6+ {[%emt 0:00:09]} Kf8 {[%emt 0:00:00]} 15. Bh6+ {[%emt 0:03:49]} Rxh6 {[%emt 0:00:00]} 16. Qxh6+ {[%emt 0:00:06]} Kf7 {[%emt 0:00:00]} 17. Qh7+ {[%emt 0:00:40]} Ke8 {[%emt 0:00:00]} 18. Qg6+ {[%emt 0:00:24]} Kf8 {[%emt 0:00:00]} 19. e4 {[%emt 0:03:24]} Qe8 {[%emt 0:00:00]} 20. Qh6+ {[%emt 0:00:35]} Kg8 {[%emt 0:00:00]} 21. exd5 {[%emt 0:01:11]} exd5 {[%emt 0:00:00]} 22. Rfe1 {[%emt 0:00:54]} Qf7 {[%emt 0:00:00]} 23. Nh4 {[%emt 0:01:30]} Bf8 {[%emt 0:00:00]} 24. Qf4 {[%emt 0:00:36]} Re8 {[%emt 0:00:00]} 25. Nf5 {[%emt 0:04:21]} Bc8 {[%emt 0:00:00]} 26. Re3 {[%emt 0:03:53]} Rxe3 {[%emt 0:00:00]} 27. fxe3 {[%emt 0:00:49]} Bg7 {[%emt 0:00:00]} 28. Rf1 {[%emt 0:03:03]} Nf8 {[%emt 0:00:00]} 29. Nd6 {[%emt 0:02:42]} Qe6 {[%emt 0:00:00]} 30. e4 {[%emt 0:02:44]} Nc7 {[%emt 0:02:20]} 31. Nf5 {[%emt 0:01:19]} Ne8 {[%emt 0:03:47]} 32. exd5 {[%emt 0:00:47]} cxd5 {[%emt 0:00:47]} 33. Nxg7 {[%emt 0:07:10]} Kxg7 {[%emt 0:02:11]} 34. Nxb5 {[%emt 0:01:08]} Ba6 {[%emt 0:01:08]} 35. a4 {[%emt 0:00:26]} Ng6 {[%emt 0:01:45]} 36. Qg3 {[%emt 0:00:08]} f5 {[%emt 0:01:30]} 37. Re1 {[%emt 0:00:18]} Qd7 {[%emt 0:00:19]} 38. Qb8 {[%emt 0:01:50]} Nf6 {[%emt 0:00:26]} 39. Qb6 {[%emt 0:00:55]} Bxb5 {[%emt 0:00:51]} 40. axb5 {[%emt 0:00:59]} f4 {[%emt 0:00:16]} 41. Re6 {[%emt 0:11:52]} Qf7 {[%emt 0:01:08]} 42. h4 {[%emt 0:02:23]} Nxh4 {[%emt 0:00:34]} 43. Rxf6 {[%emt 0:00:18]} Qxf6 {[%emt 0:00:04]} 44. Qxf6+ {[%emt 0:00:11]} Kxf6 {[%emt 0:00:01]} 45. b6 {[%emt 0:00:13]} 1-0

[Event "Go-Makkah Chess Festival 2019"]
[Site "Sousse"]
[Date "2019.09.07"]
[Round "8.8"]
[White "Rian, Moubarak"]
[Black "Ahmed AlRehily"]
[Result "1-0"]
[WhiteElo "2048"]
[BlackElo "1827"]
[Annotator "NA"]
[PlyCount "81"]
[EventDate "2019.09.02"]
[EventType "swiss"]
[EventCountry "TUN"]
[SourceTitle "playchess.com"]
[Source "ChessBase"]
[SourceQuality "1"]
[TimeControl "5400+30"]

1. Nf3 {[%emt 0:00:00]} Nf6 {[%emt 0:00:02]} 2. c4 {[%emt 0:00:00]} e6 {[%emt 0:00:16]} 3. Nc3 {[%emt 0:00:15]} d5 {[%emt 0:00:30]} 4. d4 {[%emt 0:00:10]} Be7 {[%emt 0:00:25]} 5. Bg5 {[%emt 0:00:54]} Nbd7 {[%emt 0:00:22]} 6. e3 {[%emt 0:00:24]} h6 {[%emt 0:00:20]} 7. Bh4 {[%emt 0:00:11]} O-O {[%emt 0:00:33]} 8. Rc1 {[%emt 0:03:07]} b6 {[%emt 0:01:56]} 9. cxd5 {[%emt 0:00:26]} exd5 {[%emt 0:00:37]} 10. Bd3 {[%emt 0:00:17]} Bb7 {[%emt 0:00:47]} 11. Bg3 {[%emt 0:01:46]} Ne4 {[%emt 0:04:05]} 12. Bxc7 {[%emt 0:00:48]} Qxc7 {[%emt 0:02:27]} 13. Nxe4 {[%emt 0:00:12]} Qxc1 {[%emt 0:05:32]} 14. Nf6+ {[%emt 0:00:23]} Nxf6 {[%emt 0:00:19]} 15. Qxc1 {[%emt 0:00:05]} Rac8 {[%emt 0:00:41]} 16. Qb1 {[%emt 0:00:43]} Rc7 {[%emt 0:01:36]} 17. O-O {[%emt 0:00:19]} Ne4 {[%emt 0:00:36]} 18. Rd1 {[%emt 0:01:07]} Rfc8 {[%emt 0:00:54]} 19. a3 {[%emt 0:01:22]} Bxa3 {[%emt 0:00:51]} 20. Bxe4 {[%emt 0:01:35]} dxe4 {[%emt 0:00:34]} 21. Ne5 {[%emt 0:02:39]} Bb4 {[%emt 0:00:58]} 22. h4 {[%emt 0:00:44]} Bd5 {[%emt 0:00:29]} 23. f3 {[%emt 0:08:48]} Rc2 {[%emt 0:19:14]} 24. b3 {[%emt 0:01:51]} R8c3 {[%emt 0:18:58]} 25. Rf1 {[%emt 0:06:49]} a5 {[%emt 0:04:23]} 26. Kh2 {[%emt 0:06:49]} f6 {[%emt 0:03:01]} 27. f4 {[%emt 0:06:41]} fxe5 {[%emt 0:03:08]} 28. fxe5 {[%emt 0:00:20]} Re2 {[%emt 0:02:11]} 29. Rc1 {[%emt 0:03:28]} Rexe3 {[%emt 0:02:16]} 30. Rxc3 {[%emt 0:00:11]} Rxc3 {[%emt 0:01:25]} 31. Qf1 {[%emt 0:00:33]} e3 {[%emt 0:01:01]} 32. Qb5 {[%emt 0:00:20]} Bc6 {[%emt 0:00:21]} 33. Qe2 {[%emt 0:53:13]} b5 {[%emt 0:03:04]} 34. Qg4 {[%emt 0:00:00]} Bd5 {[%emt 0:12:14]} 35. Qd7 {[%emt 0:00:00]} e2 {[%emt 0:01:22]} 36. Qxd5+ {[%emt 0:00:00]} Kh8 {[%emt 0:00:10]} 37. Qa8+ {[%emt 0:00:00]} Kh7 {[%emt 0:03:35]} 38. Qe4+ {[%emt 0:00:00]} Kh8 {[%emt 0:01:04]} 39. Qxe2 {[%emt 0:00:00]} Rxb3 {[%emt 0:01:48]} 40. Qxb5 {[%emt 0:00:00]} Rb1 {[%emt 0:00:56]} 41. d5 {[%emt 0:00:00]} 1-0

[Event "Go-Makkah Chess Festival 2019"]
[Site "Sousse"]
[Date "2019.09.07"]
[Round "8.9"]
[White "Ben Ghanem, Hamed"]
[Black "Mohamed, Nouali"]
[Result "1-0"]
[WhiteElo "2064"]
[BlackElo "2061"]
[Annotator "NA"]
[PlyCount "77"]
[EventDate "2019.09.02"]
[EventType "swiss"]
[EventCountry "TUN"]
[SourceTitle "playchess.com"]
[Source "ChessBase"]
[SourceQuality "1"]
[TimeControl "5400+30"]

1. d4 {[%emt 0:00:00]} d5 {[%emt 0:05:45]} 2. Bf4 {[%emt 0:00:00]} Nf6 {[%emt 0:01:19]} 3. e3 {[%emt 0:00:00]} g6 {[%emt 0:01:07]} 4. Nd2 {[%emt 0:06:21]} Bg7 {[%emt 0:02:25]} 5. h4 {[%emt 0:00:58]} (5. h3 O-O 6. Ngf3 c5 7. c3 b6 8. a4 Nc6 9. Bd3 Nd7 10. Bh2 Bb7 11. O-O e5 12. e4 exd4 13. exd5 Nce5 14. Nxe5 Nxe5 15. Bxe5 Bxe5 {½-½ (41) Nakamura,H (2779)-Yu,Y (2729) Doha 2016}) 5... c5 {[%emt 0:06:57]} 6. c3 {[%emt 0:00:15] D00: 1 d4 d5: Unusual lines} Nc6 {[%emt 0:03:10]} 7. Be2 $146 {[%emt 0:01:08]} ({Predecessor:} 7. Ngf3 Qb6 8. Qb3 c4 9. Qxb6 axb6 10. a3 Bf5 11. Be2 {1-0 (41) Cernousek,L (2183)-Jirka,J (2173) Svetla nad Sazavou 1999}) 7... h6 {[%emt 0:10:17]} 8. Ngf3 {[%emt 0:04:25]} Nd7 {[%emt 0:08:07]} 9. Qb3 {[%emt 0:17:24]} cxd4 {[%emt 0:18:15]} 10. exd4 {[%emt 0:01:12]} Nb6 {[%emt 0:00:45]} 11. O-O {[%emt 0:03:13]} O-O {[%emt 0:00:53]} 12. Rfe1 {[%emt 0:00:31]} Bf5 {[%emt 0:02:30]} 13. Bf1 {[%emt 0:05:57]} e6 {[%emt 0:06:39]} 14. a4 {[%emt 0:02:29]} Qd7 {[%emt 0:06:22]} 15. a5 {[%emt 0:05:22]} Nc8 {[%emt 0:00:07]} 16. a6 {[%emt 0:03:30]} b6 {[%emt 0:00:27]} 17. Bb5 {[%emt 0:04:10]} Nd6 {[%emt 0:06:00]} 18. Ba4 {[%emt 0:06:58]} h5 {[%emt 0:10:35]} 19. Ne5 {[%emt 0:05:20]} Bxe5 {[%emt 0:00:10]} 20. dxe5 {[%emt 0:04:45]} Ne4 {[%emt 0:01:06]} 21. Nxe4 {[%emt 0:02:48]} Bxe4 {[%emt 0:00:02]} 22. Qd1 {[%emt 0:00:58]} Qc7 {[%emt 0:01:17]} 23. Bxc6 {[%emt 0:01:41]} Qxc6 {[%emt 0:00:01]} 24. Bg5 {[%emt 0:00:19]} Qb5 {[%emt 0:01:26]} 25. Bf6 {[%emt 0:06:18]} (25. f3 $14 Bf5 26. Qd2) 25... Qxb2 {[%emt 0:01:28]} 26. Qd4 {[%emt 0:00:21]} (26. c4 $15) 26... Rac8 {[%emt 0:01:04]} 27. Qe3 {[%emt 0:00:14]} Kh7 {[%emt 0:00:09]} 28. Rac1 {[%emt 0:02:13]} Rc4 {[%emt 0:00:50]} 29. Be7 {[%emt 0:04:22]} Re8 {[%emt 0:01:06]} 30. Bb4 $19 {[%emt 0:03:19]} Bf5 {[%emt 0:01:12]} 31. f3 {[%emt 0:00:17]} Rxh4 {[%emt 0:01:23]} 32. Re2 {[%emt 0:01:59]} Qb3 {[%emt 0:02:10]} 33. g4 {[%emt 0:02:31]} hxg4 {[%emt 0:00:27]} 34. Qg5 {[%emt 0:00:23]} Rh5 {[%emt 0:00:45]} 35. Rh2 {[%emt 0:00:13]} Rxh2 {[%emt 0:00:39]} 36. Kxh2 {[%emt 0:00:02]} Rh8 {[%emt 0:00:28]} 37. Kg3 {[%emt 0:00:18]} Kg8 {[%emt 0:00:35]} 38. Qd8+ {[%emt 0:00:13]} Kg7 {[%emt 0:00:01]} 39. Bf8+ {[%emt 0:01:35]} 1-0

[Event "Go-Makkah Chess Festival 2019"]
[Site "Sousse"]
[Date "2019.09.08"]
[Round "9.1"]
[White "Zrikem, Nassim"]
[Black "Stefansson, Hannes"]
[Result "0-1"]
[WhiteElo "2090"]
[BlackElo "2538"]
[Annotator "TA"]
[PlyCount "76"]
[EventDate "2019.09.02"]
[EventType "swiss"]
[EventCountry "TUN"]
[SourceTitle "playchess.com"]
[Source "ChessBase"]
[SourceQuality "1"]

{[%evp 11,110,0,0,0,10,10,11,7,12,12,18,0,25,28,23,23,26,25,20,22,22,16,22,26,25,29,26,15,15,8,12,12,23,19,23,22,25,25,25,0,22,0,0,-7,-18,-27,-36,-34,-23,-32,-17,-45,-37,-39,-19,-222,-204,-282,-272,-308,-236,-416,-429,-388,-417,-410,-387,-360,-177,-308,-293,-388,-388,-388,-381,-354,-354,-409,-167,-344,-78,-479,-472,-566,-308,-439,-430,-450,-437,-506,-291,-2228,-1719,-2025,-1459,-2184,-2078,-1616,-1433,-29982,-29983]} 1. d4 Nf6 2. Nf3 b6 3. e3 Bb7 4. Bd3 e6 5. Nbd2 d5 6. O-O Nbd7 7. b3 {D05: Colle System with ...e6} (7. c4 Bd6 8. Qe2 Ne4 9. cxd5 exd5 10. Ba6 Qc8 11. Bxb7 Qxb7 12. b3 O-O 13. Bb2 Rae8 14. Rac1 Re6 15. Rc2 Nxd2 16. Qxd2 a5 17. Qc1 a4 18. Ba3 c5 {½-½ (18) Tomashevsky,E (2710)-Jakovenko,D (2710) Sochi 2017}) 7... Ne4 8. Bb2 f5 9. c4 {The position is equal.} Bd6 10. Rc1 O-O 11. Ne5 Bxe5 12. dxe5 Ndc5 13. Be2 a5 $146 ({Predecessor:} 13... Nxd2 14. Qxd2 dxc4 15. Qxd8 Rfxd8 16. Bxc4 Ba6 17. Bd4 Bxc4 18. Rxc4 {0-1 (58) Mamedjarova,Z (2363)-Mkrtchian,L (2376) Riadh 2017}) 14. cxd5 Nxd2 15. Qxd2 Bxd5 16. Ba3 Ne4 17. Qc2 c5 18. f3 Ng5 19. Bc4 Qc7 20. Bb2 Rad8 21. Rcd1 {Threatening h4.} Qc6 22. a4 Qb7 23. Qe2 Rd7 24. Bb5 Rdd8 25. Bc4 Qc7 26. h4 Nf7 27. e4 fxe4 28. fxe4 Bxc4 29. Qxc4 Rxd1 30. Rxd1 Rd8 31. Rf1 Qd7 32. Bc3 Nh6 33. Bb2 $2 (33. Qa6 $11 {and White is okay.}) 33... Ng4 $19 {[#] ...Ne3 is the strong threat.} 34. Qe2 h5 35. Qf3 Kh7 36. Bc1 $2 (36. Bc3) 36... Qd4+ 37. Kh1 {intending Qf7.} Rd7 38. Bf4 c4 {Played: Rd7-f7} 0-1